<?xml version="1.0" encoding="UTF-8"?>
<record
    xmlns:xsi="http://www.w3.org/2001/XMLSchema-instance"
    xsi:schemaLocation="http://www.loc.gov/MARC21/slim http://www.loc.gov/standards/marcxml/schema/MARC21slim.xsd"
    xmlns="http://www.loc.gov/MARC21/slim">

  <leader>00759nam a22002177a 4500</leader>
  <controlfield tag="005">20240615113156.0</controlfield>
  <controlfield tag="008">240130b           ||||| |||| 00| 0 eng d</controlfield>
  <datafield tag="040" ind1=" " ind2=" ">
    <subfield code="c">AL</subfield>
  </datafield>
  <datafield tag="041" ind1=" " ind2=" ">
    <subfield code="a">Konkani</subfield>
  </datafield>
  <datafield tag="082" ind1=" " ind2=" ">
    <subfield code="2">23</subfield>
    <subfield code="a">891.468</subfield>
    <subfield code="b">MANP</subfield>
  </datafield>
  <datafield tag="100" ind1=" " ind2=" ">
    <subfield code="a">Mangalore Diocese Ed</subfield>
    <subfield code="9">171015</subfield>
  </datafield>
  <datafield tag="245" ind1=" " ind2=" ">
    <subfield code="a">Pavitra Bible</subfield>
    <subfield code="b">&#xCAA;&#xCB5;&#xCBF;&#xCA4;&#xCCD;&#xCB0;&#xCCD; &#xCAC;&#xCC8;&#xCAC;&#xCB2;&#xCCD; </subfield>
  </datafield>
  <datafield tag="260" ind1=" " ind2=" ">
    <subfield code="a">Manglur</subfield>
    <subfield code="b">Mangalore Diocese</subfield>
    <subfield code="c">2023</subfield>
  </datafield>
  <datafield tag="300" ind1=" " ind2=" ">
    <subfield code="a">x,2232p.</subfield>
    <subfield code="b">HB</subfield>
    <subfield code="c">22x13cm.</subfield>
  </datafield>
  <datafield tag="365" ind1=" " ind2=" ">
    <subfield code="2">Konkani</subfield>
    <subfield code="a">A 5989</subfield>
    <subfield code="b">420.00</subfield>
    <subfield code="c">&#x20B9;</subfield>
    <subfield code="d">420.00</subfield>
    <subfield code="e">0</subfield>
    <subfield code="f">26-01-2024</subfield>
  </datafield>
  <datafield tag="650" ind1=" " ind2=" ">
    <subfield code="a">Konkani Bible: &#xC95;&#xCCA;&#xC82;&#xC95;&#xCCD;&#xCA3;&#xCBF; &#xCAC;&#xCC8;&#xCAC;&#xCB2;&#xCCD; </subfield>
    <subfield code="9">149291</subfield>
  </datafield>
  <datafield tag="650" ind1=" " ind2=" ">
    <subfield code="a">Holy Bible</subfield>
    <subfield code="9">149358</subfield>
  </datafield>
  <datafield tag="650" ind1=" " ind2=" ">
    <subfield code="a">catholic Bible</subfield>
    <subfield code="9">171016</subfield>
  </datafield>
  <datafield tag="700" ind1=" " ind2=" ">
    <subfield code="a">MANGALORE DIOCESE: &#xCAE;&#xC82;&#xC97;&#xCCD;&#xCB3;&#xCC1;&#xCB0;&#xCCD; &#xCA6;&#xCBF;&#xCAF;&#xCC6;&#xCB8;&#xCC6;&#xC9C;&#xCCD; Ed</subfield>
    <subfield code="9">149292</subfield>
  </datafield>
  <datafield tag="942" ind1=" " ind2=" ">
    <subfield code="2">ddc</subfield>
    <subfield code="c">BK</subfield>
  </datafield>
  <datafield tag="999" ind1=" " ind2=" ">
    <subfield code="c">229686</subfield>
    <subfield code="d">229686</subfield>
  </datafield>
  <datafield tag="952" ind1=" " ind2=" ">
    <subfield code="0">0</subfield>
    <subfield code="1">0</subfield>
    <subfield code="2">ddc</subfield>
    <subfield code="4">0</subfield>
    <subfield code="7">0</subfield>
    <subfield code="8">OTH</subfield>
    <subfield code="a">AL</subfield>
    <subfield code="b">AL</subfield>
    <subfield code="d">2024-01-29</subfield>
    <subfield code="e">Divya Jyothi DBCLC, Kakkunje-576105</subfield>
    <subfield code="g">420.00</subfield>
    <subfield code="l">1</subfield>
    <subfield code="o">891.468 MANP</subfield>
    <subfield code="p">077062</subfield>
    <subfield code="r">2025-11-22 12:36:30</subfield>
    <subfield code="s">2025-11-17</subfield>
    <subfield code="v">420.00</subfield>
    <subfield code="w">2024-01-30</subfield>
    <subfield code="y">BK</subfield>
  </datafield>
</record>
